000
00270 a2200097 4500
001
32809
100
_a
McQuarrie,D.A
245
_a
Mathematical methods for science and engineering
260
_a
California
_b
University of Washington
_c
2003
090
_c
21978
_d
21978
942
_a
NUST-CAE
_c
MONOGRAPH
_c
13311
999
_c
267882
_d
267882